[Event "FRA-chT3 01"]
[Site "France"]
[Date "2001.04.01"]
[Round "9"]
[White "Barre, Gerald"]
[Black "Bourcelot, Veronique"]
[Result "1-0"]
[WhiteElo "1390"]
[BlackElo "1270"]
[PlyCount "47"]
[EventDate "2001.??.??"]
[EventType "team-tourn"]
[EventRounds "9"]
[EventCountry "FRA"]
[SourceTitle "EXT 2002"]
[Source "ChessBase"]
[SourceDate "2001.11.25"]
[SourceVersion "1"]
[SourceVersionDate "2001.11.25"]
[SourceQuality "1"]
[WhiteTeam "Fouesnant"]
[BlackTeam "Equeurdreville"]
[WhiteTeamCountry "FRA"]
[BlackTeamCountry "FRA"]

1. e4 d6 2. d4 Nf6 3. Nc3 g6 4. Be3 Bg7 5. Nf3 c6 6. Be2 b5 7. 0-0 0-0 8. Bd3 Bg4 9. h3 Bxf3 10. Qxf3 e5 11. dxe5 dxe5 12. Rfd1 Nfd7 13. Qg3 Qe7 14. Bg5 f6 15. Be3 Na6 16. Be2 Nac5 17. b4 Nb7 18. a3 a5 19. Bg4 Nd6 20. Bxd7 Qxd7 21. Bc5 Qe6 22. Rxd6 Qc4 23. Rxc6 Qxc3 24. Qxc3 1-0

[Event "FRA-chT3 01"]
[Site "France"]
[Date "2001.01.14"]
[Round "5"]
[White "Trumier, Josepha"]
[Black "Bourcelot, Veronique"]
[Result "1/2-1/2"]
[WhiteElo "1290"]
[BlackElo "1270"]
[PlyCount "122"]
[EventDate "2001.??.??"]
[EventType "team-tourn"]
[EventRounds "9"]
[EventCountry "FRA"]
[SourceTitle "EXT 2002"]
[Source "ChessBase"]
[SourceDate "2001.11.25"]
[SourceVersion "1"]
[SourceVersionDate "2001.11.25"]
[SourceQuality "1"]

1. e4 d6 2. Nf3 Nf6 3. Nc3 g6 4. Bc4 Bg7 5. d3 c6 6. 0-0 Bg4 7. h3 Bxf3 8. Qxf3 b5 9. Bb3 Nbd7 10. Bf4 0-0 11. Rfe1 e5 12. Be3 a5 13. a3 Nb6 14. Rad1 b4 15. Ne2 d5 16. Ng3 Qc8 17. Bxb6 c5 18. exd5 Nd7 19. Bxc5 Nxc5 20. axb4 axb4 21. Bc4 Na4 22. Bb3 Nxb2 23. Rb1 Na4 24. Ra1 Nc5 25. Rxa8 Qxa8 26. Bc4 Qa3 27. Qe3 Qc3 28. Re2 Qd4 29. Qxd4 exd4 30. d6 Rd8 31. Re7 h5 32. Bxf7+ Kf8 33. Ne4 Nd7 34. Ng5 Bf6 35. Nh7+ Kg7 36. Nxf6 Kxf6 37. g4 Ne5 38. Re6+ Kxf7 39. Rxe5 Rxd6 40. gxh5 gxh5 41. Rxh5 Rc6 42. Rf5+ Ke6 43. Rb5 b3 44. cxb3 Rc3 45. h4 Rxd3 46. Kf1 Rh3 47. h5 Rh4 48. Ke2 Rh3 49. Rb4 Kd5 50. f3 Kc5 51. Rc4+ Kd5 52. Ra4 Kc5 53. Ra5+ Kb4 54. Rd5 Kc3 55. f4 Rh2+ 56. Ke1 Rh1+ 57. Kf2 d3 58. Ke3 Re1+ 59. Kf3 d2 60. f5 d1Q+ 61. Rxd1 Rxd1 1/2-1/2

[Event "FRA-chT3 01"]
[Site "France"]
[Date "2000.10.15"]
[Round "1"]
[White "Delinotte, Axelle"]
[Black "Bourcelot, Veronique"]
[Result "1-0"]
[WhiteElo "1830"]
[BlackElo "1210"]
[PlyCount "51"]
[EventDate "2001.??.??"]
[EventType "team-tourn"]
[EventRounds "9"]
[EventCountry "FRA"]
[SourceTitle "EXT 2002"]
[Source "ChessBase"]
[SourceDate "2001.11.25"]
[SourceVersion "1"]
[SourceVersionDate "2001.11.25"]
[SourceQuality "1"]
[WhiteTeam "Suce sur Erdre"]
[BlackTeam "Equeurdreville"]
[WhiteTeamCountry "FRA"]
[BlackTeamCountry "FRA"]

1. e4 d6 2. d4 Nf6 3. Nc3 g6 4. Bc4 Bg7 5. Nf3 0-0 6. h3 c6 7. Bb3 b5 8. a3 a5 9. Be3 a4 10. Ba2 e5 11. dxe5 dxe5 12. Qxd8 Rxd8 13. Nxe5 Be6 14. Bxe6 fxe6 15. f4 Bf8 16. 0-0 Nbd7 17. Nxc6 Rdc8 18. Nd4 Nc5 19. e5 Nd5 20. Nxd5 exd5 21. Nxb5 Na6 22. Nc3 Nc5 23. Nxd5 Rab8 24. Nb4 Bg7 25. Bxc5 Rxc5 26. Na6 1-0